Washington Wizards 40 Point Games - Statistics

General Stats
  • This quiz has been taken 159 times
    30 since last reset
  • The average score is 11 of 38
Answer Stats
Player Max Nb % Correct
Bradley Beal 60 30
96%
John Wall 52 5
93%
Russell Westbrook 42 3
78%
Elvin Hayes 47 11
74%
Gilbert Arenas 60 28
70%
Jordan Poole 45 3
63%
Michael Jordan 51 8
63%
Kyle Kuzma 40 1
56%
Antawn Jamison 48 2
44%
Kristaps Porzingis 43 2
44%
CJ McCollum 46 2
37%
Gus Johnson 44 5
37%
Caron Butler 40 1
33%
Juwan Howard 42 2
30%
Deni Avdija 43 1
26%
Mike Davis 40 1
26%
Bernard King 52 13
22%
Earl Monroe 56 10
22%
Jeff Malone 48 7
22%
Moses Malone 50 2
22%
Walt Bellamy 48 23
22%
Chris Webber 40 1
19%
Don Ohl 43 3
19%
Nick Young 43 1
15%
Harvey Grant 41 1
11%
Larry Hughes 43 1
11%
Richard Hamilton 41 2
11%
Jack Marin 42 2
7%
Phil Chenier 53 3
7%
Tracy Murray 50 1
7%
Trevor Ariza 40 1
7%
Kevin Loughery 43 2
4%
Ledell Eackles 40 2
4%
Michael Adams 40 1
4%
Archie Clark 40 1
0%
Bailey Howell 40 1
0%
Kevin Grevey 43 1
0%
Larry Wright 43 1
0%
No matching quizzes found
Score Distribution
Percent of People with Each Score
Percentile by Number Answered
Your Score History
You have not taken this quiz since the last reset